000 00543nam a2200181Ia 4500
003 GCL
008 140319s9999 xx 000 0 ara d
040 _aGCL /
_cGCL
082 0 4 _aم
_b413.6
_bك ق
100 1 _aكورينطى, ف
245 1 0 _aقاموس عربى - اسبانى /
_cكورينطى, ف
300 _a861 ص
490 _aموسوعة عالم الطبخ
_v0
650 0 4 _aالمعاجم
650 0 4 _aاللغة العربية - المعاجم
650 0 4 _aاللغة الاسبانية - معاجم
942 _2ddc
_cREF
999 _c59692
_d59692